Como tomar decisiones : Sabiduría practica para cada día
| Main Authors: | , , |
|---|---|
| Format: | Section = Libro |
| Language: | Undetermined Spanish |
| Published: |
México
The Twentieth Century Fund
2010
|
| Subjects: |
| LEADER | 00593nam a2200217Ia 4500 | ||
|---|---|---|---|
| 008 | 240830s9999 xx 000 0 und d | ||
| 020 | |a 978-968-24-6776-9 | ||
| 040 | |a B-ESTELÍ- RUACS / 658.403 K92 | ||
| 041 | |a spa | ||
| 082 | |a 658.403 K92 | ||
| 100 | 1 | |a Ruiz, de Lope | |
| 100 | 1 | |b Carlos | |
| 100 | 1 | |c Antón | |
| 245 | 1 | 0 | |a Como tomar decisiones : Sabiduría practica para cada día |
| 260 | |a México |b The Twentieth Century Fund |c 2010 | ||
| 300 | |a 191 p. :il | ||
| 650 | 7 | |a ALIMENTOS-MANEJO | |
| 650 | 7 | |b ALIMENTOS-BACTERIOLOGIA | |
| 942 | |c BK |2 ddc | ||
| 991 | |a TEXTO | ||
| 999 | |c 11471 | ||